000 00522nam a2200181Ia 4500
008 151018s9999 xx 000 0 und d
082 _bRBASDV39140
_a891.463
100 _aश्रीकृष्ण देशमुख
245 _aसावज
250 _b1
260 _bशिवम
_c2005
300 _a104
600 _aश्रीकृष्ण देशमुख
630 _aसावज
700 _aश्रीकृष्ण देशमुख
730 _aसावज
942 _cBOOK
999 _c1038470
_d1038467